| 000 | 01743cam a2200385 i 4500 | ||
|---|---|---|---|
| 001 | 10835441 | ||
| 005 | 20141106162112.0 | ||
| 006 | m d | ||
| 007 | cr n | ||
| 008 | 130307s2013 njua sb 001 0 eng d | ||
| 020 | _a9780321898388 (pbk. : alk. paper) | ||
| 020 | _a0321898389 (pbk. : alk. paper) | ||
| 035 | _a(WaSeSS)ssj0000952657 | ||
| 040 |
_aDLC _beng _cDLC _erda _dDLC _dWaSeSS |
||
| 042 | _apcc | ||
| 050 | 4 |
_aQA 76.76.C672 _b.B858 2013 |
|
| 082 | 0 | 0 | _a794.8/1526 |
| 100 | 1 |
_aBurchard, Evan, _d1984- |
|
| 210 | 1 | 0 | _aThe web game developer's cookbook : |
| 245 | 1 | 4 |
_aThe web game developer's cookbook : _busing JavaScript and HTML5 to develop games / _cEvan Burchard. |
| 260 |
_aUpper Saddle River, NJ : _bAddison-Wesley, _cc2013. |
||
| 504 | _aIncludes bibliographical references (pages 332-338) and index. | ||
| 505 | 0 | _aQuiz -- Interactive fiction (Zork, choose your own adventure books) -- Party (Rock band, Mario party) -- Puzzle (Bejeweled) -- Platformer (Super Mario Bros., Sonic the hedgehog) -- Fighting (Street fighter II) -- Shooter (Gradius) -- FPS (Doom) -- RPG (Final fantasy) -- RTS (Starcraft) -- Leveling up. | |
| 506 | _aLicense restrictions may limit access. | ||
| 521 | _aInformation Technology | ||
| 650 | 0 |
_aComputer games _xProgramming. |
|
| 650 | 0 | _aInternet programming. | |
| 650 | 0 |
_aInternet games _xDesign. |
|
| 650 | 0 | _aHTML (Document markup language) | |
| 650 | 0 | _aJavaScript (Computer program language) | |
| 773 | 0 | _tSafari Technical Books (Current File) | |
| 856 | 4 | 0 |
_uhttp://www.columbia.edu/cgi-bin/cul/resolve?clio10835441 _zFull text available from Safari Technical Books (Current File) |
| 910 | _aLibrary of Congress record | ||
| 942 |
_2lcc _cBK _kFOR |
||
| 999 |
_c276735 _d276735 |
||